Sociology of sport : topical issues /

Hlavní autor: Sekot, Aleš, 1947-
Jazyk: Angličtina
Vydáno: Brno : Masarykova univerzita :Paido, 2006
Vydání: 1. vyd.
Témata:
Fyzický popis: 130 s. ; 23 cm
Language note: Česká tiráž
Knihy
Uloženo v:
LEADER 01568nam a2200457 a 4500
001 nkc20061700473
003 CZ PrNK
005 20211213100102.0
007 ta
008 061205s2006 xr e 000 0 eng
015 |a cnb001700473 
020 |a 80-7315-133-2  |q (Paido ;  |q brož.) 
020 |a 80-210-4151-X  |q (Masarykova univerzita ;  |q brož.) 
035 |a (OCoLC)124089459 
040 |a OLA001  |b cze  |d BOA001  |d ABA001 
072 7 |a 796  |x Sport. Hry. Tělesná cvičení  |2 Konspekt  |9 20 
080 |a 796/799  |2 MRF 
080 |a 316  |2 MRF 
080 |a 316.74:796/799  |2 MRF 
080 |a (048.8)  |2 MRF 
100 1 |a Sekot, Aleš,  |d 1947-  |7 xx0002596  |4 aut 
245 1 0 |a Sociology of sport :  |b topical issues /  |c Aleš Sekot 
250 |a 1. vyd. 
260 |a Brno :  |b Masarykova univerzita :  |b Paido,  |c 2006 
300 |a 130 s. ;  |c 23 cm 
500 |a Terminologický slovník 
500 |a 100 výt. 
504 |a Obsahuje bibliografii 
546 |a Česká tiráž 
650 0 7 |a sport  |7 ph116248  |x sociologické aspekty  |2 czenas 
650 0 7 |a sociologie sportu  |7 ph125760  |2 czenas 
650 0 9 |a sport  |x sociological aspects  |2 eczenas 
650 0 9 |a sociology of sport  |2 eczenas 
655 7 |a studie  |7 fd133597  |2 czenas 
655 9 |a studies  |2 eczenas 
910 2 |a BOA001  |b 2-1178.623 
990 |a BK 
995 |a 01 
991 |b 200701  |c NOV 
996 6 |b 2610298245  |c 2-1178.623  |l MZK  |r Sklad / do 1 hodiny  |n 1  |p p.v.  |w 000836503  |u 000010  |a 1  |e BOA001  |j MZK50  |s P 
996 7 |b 2610298246  |c 2-1178.623  |l MZK  |r Sklad / do 1 hodiny  |n 10  |p p.v.  |w 000836503  |u 000020  |a 1  |e BOA001  |j MZK50  |s A